000 00736cam a2200193 4500
001 WB3708-20
008 000000n2001 000 0 eng u
035 _a(Sirsi) u111071
245 _aYoung surveyors warned of threat to role from internet
260 _c2001
490 _aEstates Gazette
_v(0107) 17 February 2001 41(1)
520 _aPrestbury Investment chairman Nick Leslau argued at the RICS junior organisation conference that the Internet is set to take over the traditional role of the surveyor. Web listing services are helping to transform the property industry.
590 _aWB
650 _aABOUT RICS-RICS JUNIOR ORGANISATION
650 _aSURVEYORS
650 _aINTERNET
690 _aRICS NEWS
942 _n0
999 _c66172
_d66172